=LDR 00000nam 2200000 4500 =001 INLIS000000000048086 =005 20160420143836.0 =006 =007 =008 =035 ##$$0010-041600000000067 =082 ##$$a 634.9 =090 ##$$a 634.9 Hut h =245 ##$$a hutan 2020 : rangkuman hasil konvensi nasional =260 ##$$a Jakarta $b Bp koderi $c 1999 =300 ##$$a vi, 191 hlm $c 20cm. =850 ##$$a BPNMAT =990 ##$$a 0001/BPAP-NTB/2016